[Event "Guillermo Garcia Memorial-A 12th"]
[Site "Santa Clara"]
[Date "2004.06.02"]
[Round "12"]
[White "Hernandez Onna, Roman"]
[Black "Flores, Diego"]
[Result "0-1"]
[WhiteElo "2420"]
[BlackElo "2448"]
[PlyCount "50"]
[EventDate "2004.05.21"]
[EventType "tourn"]
[EventRounds "13"]
[EventCountry "CUB"]
[EventCategory "8"]
[SourceTitle "CBM 100 ext"]
[Source "ChessBase"]
[SourceDate "2004.07.06"]
[SourceVersion "2"]
[SourceVersionDate "2004.07.06"]
[SourceQuality "1"]

1. d4 g6 2. Nf3 Bg7 3. e4 d6 4. c4 Bg4 5. Be2 Nf6 6. Nc3 O-O 7. Be3 Nfd7 8. Rc1
e6 9. O-O c5 10. d5 exd5 11. cxd5 Bxf3 12. Bxf3 Na6 13. Qd2 Nc7 14. Be2 a6 15.
Rfe1 Re8 16. f3 b5 17. Bf1 b4 18. Ne2 Nb5 19. Ng3 Ne5 20. Kh1 h5 21. Bg5 Bf6
22. Bxf6 Qxf6 23. Qh6 Qh4 24. Qe3 Nd4 25. Ne2 Nc2 0-1

[Event "Solsones op 2nd"]
[Site "Solsones"]
[Date "2004.08.14"]
[Round "3"]
[White "Hernandez Onna, Roman"]
[Black "Korneev, Oleg"]
[Result "0-1"]
[WhiteElo "2400"]
[BlackElo "2585"]
[PlyCount "76"]
[EventDate "2004.08.13"]
[EventType "swiss"]
[EventRounds "9"]
[EventCountry "ESP"]
[SourceTitle "EXT 2007"]
[Source "ChessBase"]
[SourceDate "2006.11.23"]
[SourceVersion "1"]
[SourceVersionDate "2006.11.23"]
[SourceQuality "1"]

1. Nf3 d5 2. c4 d4 3. e4 c5 4. d3 Nc6 5. Be2 e5 6. O-O Bd6 7. Ne1 h5 8. a3 Be6
9. Nd2 g6 10. Rb1 Nge7 11. Ndf3 f6 12. Nc2 Kf7 13. b4 b6 14. Nfe1 Kg7 15. f4
exf4 16. Bxf4 Bxf4 17. Rxf4 Qc7 18. Rf1 Ne5 19. Qd2 g5 20. bxc5 bxc5 21. Rb5 a6
22. Rb1 Rab8 23. Rxb8 Rxb8 24. Bd1 Rh8 25. Qf2 Rh6 26. Qd2 N7c6 27. Na1 Ng4 28.
Bxg4 hxg4 29. g3 Ne5 30. Rf2 Rh8 31. Qc1 Rb8 32. Rb2 Rxb2 33. Qxb2 Qa5 34. Qc1
Qb6 35. Kf2 Bd7 36. Qc2 Qa5 37. Qb3 Qd2+ 38. Kf1 Nf3 0-1

[Event "Balaguer op 10th"]
[Site "Balaguer"]
[Date "2005.07.20"]
[Round "3"]
[White "Hernandez Onna, Roman"]
[Black "Pogorelov, Ruslan"]
[Result "1/2-1/2"]
[WhiteElo "2373"]
[BlackElo "2442"]
[PlyCount "32"]
[EventDate "2005.07.18"]
[EventType "swiss"]
[EventRounds "9"]
[EventCountry "ESP"]
[SourceTitle "CBM 107 ext"]
[Source "ChessBase"]
[SourceDate "2005.09.01"]
[SourceVersion "1"]
[SourceVersionDate "2005.09.01"]
[SourceQuality "1"]

1. d4 Nf6 2. c4 e6 3. Nf3 b6 4. e3 Bb7 5. Bd3 c5 6. O-O Be7 7. Nc3 cxd4 8. exd4
d5 9. cxd5 Nxd5 10. Ne5 O-O 11. Qh5 g6 12. Qf3 Nc6 13. Nxc6 Bxc6 14. Be4 Qd7
15. Nxd5 Bxd5 16. Bxd5 Qxd5 1/2-1/2

[Event "Balaguer op 10th"]
[Site "Balaguer"]
[Date "2005.07.22"]
[Round "5"]
[White "Hernandez Onna, Roman"]
[Black "Burmakin, Vladimir"]
[Result "0-1"]
[WhiteElo "2373"]
[BlackElo "2558"]
[PlyCount "50"]
[EventDate "2005.07.18"]
[EventType "swiss"]
[EventRounds "9"]
[EventCountry "ESP"]
[SourceTitle "CBM 107 ext"]
[Source "ChessBase"]
[SourceDate "2005.09.01"]
[SourceVersion "1"]
[SourceVersionDate "2005.09.01"]
[SourceQuality "1"]

1. c4 e6 2. Nf3 d5 3. d4 Nf6 4. e3 Be7 5. Nbd2 O-O 6. Bd3 c5 7. dxc5 Na6 8. O-O
Nxc5 9. Be2 Nfe4 10. cxd5 exd5 11. Nd4 Bd6 12. N2f3 Bg4 13. Bd2 Qb6 14. Rb1
Rac8 15. Nh4 Bxe2 16. Qxe2 Ne6 17. Nhf5 Nxd4 18. exd4 Rfe8 19. Qg4 g6 20. Nxd6
Qxd6 21. Be3 Rc2 22. Rfc1 Qc6 23. Qd1 Rc8 24. Qxc2 Qxc2 25. Rxc2 Rxc2 0-1

[Event "Balaguer op 10th"]
[Site "Balaguer"]
[Date "2005.07.23"]
[Round "6"]
[White "Montoliu Torne, Antoni"]
[Black "Hernandez Onna, Roman"]
[Result "0-1"]
[WhiteElo "2085"]
[BlackElo "2373"]
[PlyCount "98"]
[EventDate "2005.07.18"]
[EventType "swiss"]
[EventRounds "9"]
[EventCountry "ESP"]
[SourceTitle "CBM 107 ext"]
[Source "ChessBase"]
[SourceDate "2005.09.01"]
[SourceVersion "1"]
[SourceVersionDate "2005.09.01"]
[SourceQuality "1"]

1. c4 Nf6 2. Nc3 e6 3. Nf3 d5 4. e3 Be7 5. d4 O-O 6. Qc2 b6 7. cxd5 exd5 8. Bd3
c5 9. O-O Nc6 10. a3 Bb7 11. b3 a6 12. Bb2 cxd4 13. Nxd4 Nxd4 14. exd4 Bd6 15.
g3 Rc8 16. Bf5 Rc7 17. Qd2 Re8 18. Rfe1 Rce7 19. Bh3 Kf8 20. Bg2 h6 21. Bf3
Rxe1+ 22. Rxe1 Rxe1+ 23. Qxe1 Qe7 24. Qxe7+ Kxe7 25. b4 Ne4 26. Nxe4 dxe4 27.
Bd1 f5 28. f3 exf3 29. Kf2 g5 30. Bxf3 Bxf3 31. Kxf3 Ke6 32. Ke2 Kd5 33. Kd3 b5
34. Bc1 Be7 35. Bd2 Bd6 36. Bc1 f4 37. g4 Be7 38. h3 Bd8 39. Bd2 Bc7 40. Be1 f3
41. Bd2 Bg3 42. Bc1 Bc7 43. Be3 a5 44. bxa5 Bxa5 45. Bf2 Bd8 46. Be3 Bf6 47.
Bd2 Bxd4 48. h4 gxh4 49. Bxh6 h3 0-1

[Event "Balaguer op 10th"]
[Site "Balaguer"]
[Date "2005.07.24"]
[Round "7"]
[White "Mirzoev, Azer"]
[Black "Hernandez Onna, Roman"]
[Result "1-0"]
[WhiteElo "2550"]
[BlackElo "2373"]
[PlyCount "68"]
[EventDate "2005.07.18"]
[EventType "swiss"]
[EventRounds "9"]
[EventCountry "ESP"]
[SourceTitle "CBM 107 ext"]
[Source "ChessBase"]
[SourceDate "2005.09.01"]
[SourceVersion "1"]
[SourceVersionDate "2005.09.01"]
[SourceQuality "1"]

1. d4 d5 2. c4 e6 3. Nc3 Be7 4. Nf3 Nf6 5. Bf4 O-O 6. e3 c5 7. dxc5 Bxc5 8. a3
Nc6 9. cxd5 Nxd5 10. Nxd5 exd5 11. Rc1 Bb6 12. Bd3 d4 13. e4 Bg4 14. h3 Qf6 15.
hxg4 Qxf4 16. g5 Rfc8 17. Rh4 Qd6 18. Ke2 Ne5 19. Nxe5 Qxe5 20. f4 Qe6 21.
Rxc8+ Rxc8 22. Kf2 g6 23. g3 Qa2 24. Qe2 Qa1 25. e5 Qc1 26. Kf3 a5 27. Rh2 a4
28. Kg4 Qe3 29. Qf3 Rc1 30. Be2 Qxf3+ 31. Kxf3 Bc5 32. Bb5 Rf1+ 33. Kg2 Rb1 34.
Bxa4 d3 1-0

[Event "Balaguer op 10th"]
[Site "Balaguer"]
[Date "2005.07.25"]
[Round "8"]
[White "Hernandez Onna, Roman"]
[Black "Molinero Martin, Joan"]
[Result "1/2-1/2"]
[WhiteElo "2373"]
[BlackElo "2104"]
[PlyCount "73"]
[EventDate "2005.07.18"]
[EventType "swiss"]
[EventRounds "9"]
[EventCountry "ESP"]
[SourceTitle "CBM 107 ext"]
[Source "ChessBase"]
[SourceDate "2005.09.01"]
[SourceVersion "1"]
[SourceVersionDate "2005.09.01"]
[SourceQuality "1"]

1. c4 Nf6 2. Nc3 g6 3. e4 d6 4. d4 Bg7 5. f3 O-O 6. Be3 Nbd7 7. Bd3 c5 8. Nge2
cxd4 9. Nxd4 Ne5 10. Be2 Bd7 11. O-O Rc8 12. b3 Nc6 13. Qd2 Nxd4 14. Bxd4 Bc6
15. Rac1 a6 16. b4 b6 17. Rfe1 Nd7 18. Be3 Qc7 19. Rb1 h5 20. Bf1 a5 21. a3 Kh7
22. Nd5 Bxd5 23. cxd5 Qb7 24. Rbc1 axb4 25. axb4 Ne5 26. h3 Rc7 27. Rxc7 Qxc7
28. Rc1 Qa7 29. f4 Nd7 30. Bd4 Bxd4+ 31. Qxd4 Rb8 32. Rc4 f6 33. Qb2 Rb7 34.
Qc3 Kg7 35. Qd4 Kf7 36. f5 g5 37. Qc3 1/2-1/2

[Event "Balaguer op 10th"]
[Site "Balaguer"]
[Date "2005.07.26"]
[Round "9"]
[White "Bruned, Vianney"]
[Black "Hernandez Onna, Roman"]
[Result "0-1"]
[WhiteElo "1933"]
[BlackElo "2373"]
[PlyCount "120"]
[EventDate "2005.07.18"]
[EventType "swiss"]
[EventRounds "9"]
[EventCountry "ESP"]
[SourceTitle "CBM 107 ext"]
[Source "ChessBase"]
[SourceDate "2005.09.01"]
[SourceVersion "1"]
[SourceVersionDate "2005.09.01"]
[SourceQuality "1"]

1. e4 e5 2. Nf3 d6 3. d4 Nd7 4. Nc3 c6 5. dxe5 dxe5 6. Be3 Ngf6 7. h3 Bb4 8.
Bd3 Qe7 9. O-O Bxc3 10. bxc3 Nc5 11. Nd2 O-O 12. Qe2 Ne6 13. Nc4 Qc7 14. Rfd1
b6 15. Qf3 b5 16. Nd2 a6 17. a4 Bb7 18. c4 bxa4 19. Rxa4 c5 20. Nb3 Rad8 21.
Rda1 Nd7 22. Qg4 Bc8 23. Ra5 Nb8 24. Qg3 Nc6 25. R5a3 Qe7 26. Na5 Nxa5 27. Rxa5
f6 28. R1a2 Rf7 29. Be2 Qb7 30. Bg4 Qxe4 31. Bf3 Qxc4 32. Bh5 Rc7 33. Kh2 Nd4
34. Bxd4 cxd4 35. Bd1 Qe6 36. Be2 Rc3 37. Qh4 e4 38. Bg4 Qd6+ 39. g3 d3 40.
Bxc8 Rdxc8 41. Rxa6 Qc5 42. cxd3 exd3 43. R6a5 Qc6 44. Ra6 Qd5 45. R6a5 R3c5
46. Rxc5 Rxc5 47. Qa4 Kf7 48. Rd2 Rc1 49. Rd1 d2 50. Qg4 Rxd1 51. Qxd1 Qd3 52.
Kg1 g6 53. h4 h5 54. f3 Qe3+ 55. Kf1 Kg7 56. f4 Qd3+ 57. Kf2 Qc3 58. Kg2 Qe3
59. Kf1 Qxg3 60. Qxd2 Qxh4 0-1

[Event "CUB-ch sf"]
[Site "Santa Clara"]
[Date "2006.02.05"]
[Round "1"]
[White "Quesada Perez, Yuniesky"]
[Black "Hernandez Onna, Roman"]
[Result "1-0"]
[WhiteElo "2501"]
[BlackElo "2371"]
[PlyCount "29"]
[EventDate "2006.02.05"]
[EventType "swiss"]
[EventRounds "9"]
[EventCountry "CUB"]
[SourceTitle "EXT 2007"]
[Source "ChessBase"]
[SourceDate "2006.11.23"]
[SourceVersion "1"]
[SourceVersionDate "2006.11.23"]
[SourceQuality "1"]

1. e4 e5 2. Nf3 Nc6 3. Bb5 a6 4. Ba4 Nf6 5. O-O Be7 6. Re1 b5 7. Bb3 d6 8. c3
O-O 9. h3 Na5 10. Bc2 c5 11. d4 Nc6 12. d5 Na5 13. Nbd2 g6 14. b3 Nh5 15. Nf1
1-0

[Event "CUB-ch sf"]
[Site "Santa Clara"]
[Date "2006.02.06"]
[Round "2"]
[White "Hernandez Onna, Roman"]
[Black "Pujols, Carlos"]
[Result "1/2-1/2"]
[WhiteElo "2371"]
[BlackElo "2350"]
[PlyCount "25"]
[EventDate "2006.02.05"]
[EventType "swiss"]
[EventRounds "9"]
[EventCountry "CUB"]
[SourceTitle "EXT 2007"]
[Source "ChessBase"]
[SourceDate "2006.11.23"]
[SourceVersion "1"]
[SourceVersionDate "2006.11.23"]
[SourceQuality "1"]

1. d4 d5 2. Nf3 Nf6 3. c4 c6 4. cxd5 cxd5 5. Nc3 Nc6 6. Bf4 Ne4 7. e3 Nxc3 8.
bxc3 g6 9. Bb5 Bg7 10. Ne5 Bxe5 11. Bxe5 O-O 12. Bxc6 bxc6 13. Qa4 1/2-1/2

[Event "CUB-ch sf"]
[Site "Santa Clara"]
[Date "2006.02.08"]
[Round "4"]
[White "Hernandez Onna, Roman"]
[Black "Borges Mateos, Juan"]
[Result "1/2-1/2"]
[WhiteElo "2371"]
[BlackElo "2449"]
[PlyCount "20"]
[EventDate "2006.02.05"]
[EventType "swiss"]
[EventRounds "9"]
[EventCountry "CUB"]
[SourceTitle "EXT 2007"]
[Source "ChessBase"]
[SourceDate "2006.11.23"]
[SourceVersion "1"]
[SourceVersionDate "2006.11.23"]
[SourceQuality "1"]

1. d4 d5 2. c4 e6 3. Nc3 Nf6 4. Bg5 Be7 5. Nf3 O-O 6. e3 Nbd7 7. Rc1 c6 8. a3
dxc4 9. Bxc4 Nd5 10. Bxe7 Qxe7 1/2-1/2

[Event "Sort op 3rd"]
[Site "Sort"]
[Date "2007.06.26"]
[Round "2"]
[White "Burmakin, Vladimir"]
[Black "Hernandez Onna, Roman"]
[Result "1-0"]
[WhiteElo "2581"]
[BlackElo "2366"]
[PlyCount "69"]
[EventDate "2007.06.25"]
[EventType "swiss"]
[EventRounds "10"]
[EventCountry "ESP"]
[SourceTitle "EXT 2010"]
[Source "ChessBase"]
[SourceDate "2010.11.25"]

1. c4 Nf6 2. d4 e6 3. Nf3 Bb4+ 4. Bd2 Qe7 5. g3 Nc6 6. Bg2 Bxd2+ 7. Nbxd2 d6 8.
e4 a5 9. O-O e5 10. d5 Nb8 11. Ne1 Bg4 12. f3 Bc8 13. Nd3 O-O 14. b3 Na6 15. a3
Nc5 16. Nxc5 dxc5 17. a4 Ra6 18. Qc2 Rd6 19. Qc3 b6 20. f4 Nd7 21. Rae1 Rh6 22.
Nf3 Re8 23. Ng5 Rh5 24. Qd2 exf4 25. gxf4 Rxg5 26. fxg5 Ne5 27. h4 Rd8 28. Qe3
Rd6 29. Qg3 h5 30. Rf5 Ng6 31. e5 Bxf5 32. exd6 Qxd6 33. Qxd6 cxd6 34. Re8+ Kh7
35. Rd8 1-0

[Event "Sort op 3rd"]
[Site "Sort"]
[Date "2007.07.01"]
[Round "8"]
[White "Aroshidze, Levan"]
[Black "Hernandez Onna, Roman"]
[Result "1-0"]
[WhiteElo "2470"]
[BlackElo "2366"]
[PlyCount "99"]
[EventDate "2007.06.25"]
[EventType "swiss"]
[EventRounds "10"]
[EventCountry "ESP"]
[SourceTitle "EXT 2010"]
[Source "ChessBase"]
[SourceDate "2010.11.25"]

1. e4 e5 2. Nf3 Nc6 3. Bb5 a6 4. Ba4 Nf6 5. O-O Be7 6. Re1 b5 7. Bb3 d6 8. c3
O-O 9. h3 Na5 10. Bc2 c5 11. d4 Qc7 12. d5 Bd7 13. b3 Nb7 14. c4 Ne8 15. Nc3 g6
16. Bh6 Ng7 17. g4 f6 18. Ne2 Nd8 19. Ng3 Nf7 20. Be3 Ng5 21. Kh2 Nxf3+ 22.
Qxf3 bxc4 23. bxc4 Rab8 24. Rg1 Qa5 25. Bb3 Rb7 26. Bh6 Rf7 27. Qd1 Bd8 28. f4
Qa3 29. Ne2 Ba5 30. f5 Be8 31. h4 Bd8 32. Bd2 a5 33. Rg3 a4 34. Bc2 Qb2 35. Bc3
Qb6 36. Bxa4 Qa6 37. Bb3 Ba5 38. Bb2 Bb4 39. Qc2 Qa5 40. Rf1 Be1 41. Rh3 Qd2
42. Qxd2 Bxd2 43. Rd3 Bb4 44. fxg6 hxg6 45. Rdf3 Bd7 46. Rxf6 Bxg4 47. Ng3 Bd2
48. Rxg6 Rxf1 49. Nxf1 Be2 50. Nxd2 1-0

[Event "Sort op 3rd"]
[Site "Sort"]
[Date "2007.07.02"]
[Round "9"]
[White "Hernandez Onna, Roman"]
[Black "Mirzoev, Azer"]
[Result "1/2-1/2"]
[WhiteElo "2366"]
[BlackElo "2551"]
[PlyCount "47"]
[EventDate "2007.06.25"]
[EventType "swiss"]
[EventRounds "10"]
[EventCountry "ESP"]
[SourceTitle "EXT 2010"]
[Source "ChessBase"]
[SourceDate "2010.11.25"]

1. d4 d5 2. c4 e6 3. e3 Nf6 4. Nf3 c5 5. a3 Nc6 6. dxc5 Bxc5 7. b4 Bd6 8. Nbd2
O-O 9. Bb2 Qe7 10. Bd3 Rd8 11. O-O h6 12. Rc1 a6 13. cxd5 exd5 14. Nb3 Ne4 15.
Be2 Bg4 16. Nbd4 Ne5 17. Nxe5 Qxe5 18. f4 Bxe2 19. Qxe2 Qe8 20. Nf5 Bf8 21.
Nxh6+ gxh6 22. Qg4+ Kh7 23. Qf5+ Kg8 24. Qg4+ 1/2-1/2

[Event "Manresa op"]
[Site "Manresa"]
[Date "2007.??.??"]
[Round "3"]
[White "Gonzalez Vidal, Yuri"]
[Black "Hernandez Onna, Roman"]
[Result "1-0"]
[WhiteElo "2475"]
[BlackElo "2366"]
[PlyCount "55"]
[EventDate "2007.08.14"]
[EventType "swiss"]
[EventRounds "9"]
[EventCountry "ESP"]
[SourceTitle "CBM 120 ext"]
[Source "ChessBase"]
[SourceDate "2007.11.01"]
[SourceVersion "1"]
[SourceVersionDate "2007.11.01"]
[SourceQuality "1"]

1. e4 e5 2. Nf3 Nc6 3. Bb5 a6 4. Ba4 Nf6 5. O-O Be7 6. Re1 b5 7. Bb3 d6 8. c3
O-O 9. h3 Na5 10. Bc2 c5 11. d4 Qc7 12. Nbd2 cxd4 13. cxd4 Nc6 14. Nb3 a5 15.
Be3 a4 16. Nbd2 Bd7 17. Rc1 Qb7 18. Nf1 Rfe8 19. Ng3 Bd8 20. Qe2 h6 21. Red1
Rc8 22. Bd3 Rb8 23. Bb1 Na5 24. Nh4 Nc4 25. Nhf5 Be7 26. dxe5 Nxe3 27. Nxe7+
Rxe7 28. exf6 1-0

[Event "Manresa op"]
[Site "Manresa"]
[Date "2007.??.??"]
[Round "5"]
[White "Hernandez Onna, Roman"]
[Black "Lorca Cortada, David"]
[Result "1-0"]
[WhiteElo "2366"]
[BlackElo "2071"]
[PlyCount "67"]
[EventDate "2007.08.14"]
[EventType "swiss"]
[EventRounds "9"]
[EventCountry "ESP"]
[SourceTitle "CBM 120 ext"]
[Source "ChessBase"]
[SourceDate "2007.11.01"]
[SourceVersion "1"]
[SourceVersionDate "2007.11.01"]
[SourceQuality "1"]

1. c4 Nf6 2. Nc3 c6 3. e4 d6 4. d4 g6 5. f3 Bg7 6. Be3 a6 7. a4 O-O 8. a5 Nbd7
9. Bd3 b5 10. axb6 Nxb6 11. Nge2 Nh5 12. g4 Nf6 13. Ng3 e5 14. dxe5 dxe5 15. h4
Be6 16. b3 Rb8 17. Rxa6 Na8 18. Bc2 Qc8 19. Ra7 Rd8 20. Qe2 Bf8 21. h5 Bb4 22.
Bd2 Bc5 23. Ra2 Qd7 24. Na4 Bd4 25. Nf5 Bxf5 26. exf5 e4 27. fxe4 Qd6 28. Rh3
Re8 29. hxg6 fxg6 30. c5 Bxc5 31. Qc4+ Kg7 32. Nxc5 Nb6 33. Bh6+ Kh8 34. Qf7
1-0

[Event "Manresa op"]
[Site "Manresa"]
[Date "2007.??.??"]
[Round "5"]
[White "Menac Comas, Joan Ramon"]
[Black "Hernandez Onna, Roman"]
[Result "0-1"]
[WhiteElo "2108"]
[BlackElo "2366"]
[PlyCount "96"]
[EventDate "2007.08.14"]
[EventType "swiss"]
[EventRounds "9"]
[EventCountry "ESP"]
[SourceTitle "CBM 120 ext"]
[Source "ChessBase"]
[SourceDate "2007.11.01"]
[SourceVersion "1"]
[SourceVersionDate "2007.11.01"]
[SourceQuality "1"]

1. d4 e6 2. e4 d5 3. Nc3 Bb4 4. Nge2 dxe4 5. a3 Be7 6. Nxe4 Nf6 7. N2g3 Nc6 8.
c3 e5 9. Nxf6+ Bxf6 10. d5 Ne7 11. Bc4 O-O 12. Nh5 Nf5 13. O-O Be7 14. Re1 g6
15. Ng3 Nxg3 16. hxg3 Bd6 17. Bh6 Re8 18. Qf3 f5 19. Ba2 a5 20. c4 b6 21. Qc3
Qe7 22. f4 e4 23. Bg5 Bc5+ 24. Kh1 Qg7 25. Rac1 Qxc3 26. Rxc3 Kg7 27. Bb1 Bd7
28. Rc2 Ba4 29. Rce2 Bb3 30. Rc1 a4 31. g4 Bd6 32. gxf5 gxf5 33. g3 h6 34. Bh4
Ra5 35. Kg1 Rc5 36. g4 Bxf4 37. Rf1 Bxc4 38. Rxf4 Bxe2 39. gxf5 Rc1+ 40. Kf2
Bd3 41. f6+ Kf7 42. Rg4 e3+ 43. Kf3 Rf1+ 44. Kg2 Rxb1 45. Rg7+ Kf8 46. Bg3 Be4+
47. Kh3 e2 48. Bxc7 Rh1+ 0-1

[Event "Manresa op"]
[Site "Manresa"]
[Date "2007.??.??"]
[Round "6"]
[White "Hernandez Onna, Roman"]
[Black "Perez Mitjans, Orelvis"]
[Result "0-1"]
[WhiteElo "2366"]
[BlackElo "2412"]
[PlyCount "78"]
[EventDate "2007.08.14"]
[EventType "swiss"]
[EventRounds "9"]
[EventCountry "ESP"]
[SourceTitle "CBM 120 ext"]
[Source "ChessBase"]
[SourceDate "2007.11.01"]
[SourceVersion "1"]
[SourceVersionDate "2007.11.01"]
[SourceQuality "1"]

1. c4 c5 2. Nc3 Nc6 3. g3 g6 4. Bg2 Bg7 5. d3 e5 6. b3 Nge7 7. Bb2 O-O 8. h4 h6
9. h5 g5 10. e4 f5 11. exf5 Nxf5 12. Nge2 d6 13. Qd2 Nfd4 14. Nxd4 exd4 15. Nd5
Bg4 16. f4 gxf4 17. gxf4 Re8+ 18. Kf2 Re2+ 19. Qxe2 Bxe2 20. Kxe2 Ne7 21. Nxe7+
Qxe7+ 22. Be4 b5 23. Rag1 bxc4 24. bxc4 Re8 25. Kf3 Kh8 26. Rg6 Qd7 27. Rhg1
Qh3+ 28. R6g3 Qxh5+ 29. Kf2 Bf6 30. Rg4 Qh3 31. Bc1 d5 32. cxd5 c4 33. d6 Bh4+
34. Rxh4 Qxh4+ 35. Kf3 Qh3+ 36. Kf2 cxd3 37. Rh1 Qe6 38. Bxd3 Qxa2+ 39. Kf1 Rc8
0-1

[Event "CUB-ch"]
[Site "Santa Clara"]
[Date "2008.01.08"]
[Round "1"]
[White "Hernandez Onna, Roman"]
[Black "Gonzalez Vidal, Yuri"]
[Result "1/2-1/2"]
[WhiteElo "2342"]
[BlackElo "2487"]
[PlyCount "43"]
[EventDate "2008.01.08"]
[EventType "swiss"]
[EventRounds "9"]
[EventCountry "CUB"]
[SourceTitle "EXT 2009"]
[Source "ChessBase"]
[SourceDate "2008.11.26"]
[SourceVersion "1"]
[SourceVersionDate "2008.11.26"]
[SourceQuality "1"]

1. d4 Nf6 2. c4 e6 3. Nc3 Bb4 4. e3 c5 5. Bd3 d5 6. Nf3 O-O 7. O-O cxd4 8. exd4
dxc4 9. Bxc4 b6 10. Qd3 Bb7 11. Rd1 Bxc3 12. bxc3 Qc7 13. Bb3 Be4 14. Qe3 Nc6
15. c4 Bxf3 16. Qxf3 e5 17. dxe5 Nxe5 18. Qf4 Rfc8 19. Be3 Nxc4 20. Bxc4 Qxf4
21. Bxf7+ Kxf7 22. Bxf4 1/2-1/2

[Event "CUB-ch"]
[Site "Santa Clara"]
[Date "2008.01.09"]
[Round "2"]
[White "Alvarez, Jose"]
[Black "Hernandez Onna, Roman"]
[Result "1/2-1/2"]
[WhiteElo "2384"]
[BlackElo "2342"]
[PlyCount "20"]
[EventDate "2008.01.08"]
[EventType "swiss"]
[EventRounds "9"]
[EventCountry "CUB"]
[SourceTitle "EXT 2009"]
[Source "ChessBase"]
[SourceDate "2008.11.26"]
[SourceVersion "1"]
[SourceVersionDate "2008.11.26"]
[SourceQuality "1"]

1. e4 e5 2. Nf3 Nc6 3. Bc4 Bc5 4. O-O Nf6 5. d3 d6 6. c3 Bb6 7. Bb3 O-O 8. Nbd2
Be6 9. Bc2 h6 10. h3 Ne7 1/2-1/2

[Event "CUB-ch"]
[Site "Santa Clara"]
[Date "2008.01.11"]
[Round "4"]
[White "Abreu Delgado, Aryam"]
[Black "Hernandez Onna, Roman"]
[Result "1-0"]
[WhiteElo "2494"]
[BlackElo "2342"]
[PlyCount "75"]
[EventDate "2008.01.08"]
[EventType "swiss"]
[EventRounds "9"]
[EventCountry "CUB"]
[SourceTitle "EXT 2009"]
[Source "ChessBase"]
[SourceDate "2008.11.26"]
[SourceVersion "1"]
[SourceVersionDate "2008.11.26"]
[SourceQuality "1"]

1. e4 e5 2. Nf3 Nc6 3. Bb5 a6 4. Ba4 Nf6 5. O-O Be7 6. d3 b5 7. Bb3 d6 8. a4
Bd7 9. c3 O-O 10. Bc2 Re8 11. Re1 Bf8 12. Nbd2 Ne7 13. Nf1 Ng6 14. d4 h6 15.
Ng3 Rb8 16. axb5 axb5 17. h3 Qc8 18. Ra7 Rd8 19. Qe2 Ra8 20. Rxa8 Qxa8 21. Nh2
c5 22. dxc5 dxc5 23. Nf5 Bc6 24. Qf3 Nh7 25. h4 Qa2 26. Ng4 f6 27. Qg3 Nf4 28.
Ngxh6+ Kh8 29. Ng4 c4 30. Qf3 b4 31. cxb4 Bxb4 32. Rd1 Rxd1+ 33. Qxd1 Qa8 34.
Bxf4 exf4 35. Qd4 Bb5 36. e5 Qf8 37. h5 f3 38. h6 1-0

[Event "CUB-ch"]
[Site "Santa Clara"]
[Date "2008.01.14"]
[Round "7"]
[White "Hevia Alejano, Carlos Antonio"]
[Black "Hernandez Onna, Roman"]
[Result "0-1"]
[WhiteElo "2308"]
[BlackElo "2342"]
[PlyCount "99"]
[EventDate "2008.01.08"]
[EventType "swiss"]
[EventRounds "9"]
[EventCountry "CUB"]
[SourceTitle "EXT 2009"]
[Source "ChessBase"]
[SourceDate "2008.11.26"]
[SourceVersion "1"]
[SourceVersionDate "2008.11.26"]
[SourceQuality "1"]

1. e4 e5 2. Nf3 Nc6 3. Bb5 a6 4. Ba4 Nf6 5. O-O Be7 6. Re1 b5 7. Bb3 d6 8. c3
O-O 9. h3 Na5 10. Bc2 c5 11. d4 Qc7 12. d5 Bd7 13. Nbd2 g6 14. Nf1 Nh5 15. Bh6
Rfe8 16. Ng3 Nxg3 17. fxg3 Bf8 18. Qc1 Bg7 19. Rf1 Rf8 20. g4 f6 21. b3 c4 22.
b4 Nb7 23. Be3 a5 24. a3 Nd8 25. Qe1 Nf7 26. Qf2 Ra6 27. Rac1 Qd8 28. Qh4 Qe7
29. Rf2 g5 30. Qg3 Nh8 31. h4 h6 32. hxg5 fxg5 33. Qh3 axb4 34. axb4 Ra3 35.
Bd2 Rf4 36. Nh2 Ng6 37. g3 Rxf2 38. Kxf2 Qf8+ 39. Ke2 Qc8 40. Bd1 Nf8 41. Ke1
Nh7 42. Qg2 Nf6 43. Qf3 Ra2 44. Rb1 Be8 45. Qe3 Bg6 46. Bf3 Nxd5 47. exd5 Bxb1
48. Be4 Bxe4 49. Qxe4 Qf8 50. Nf1 0-1

[Event "CUB-ch"]
[Site "Santa Clara"]
[Date "2008.01.15"]
[Round "8"]
[White "Quesada Perez, Yuniesky"]
[Black "Hernandez Onna, Roman"]
[Result "1-0"]
[WhiteElo "2546"]
[BlackElo "2342"]
[PlyCount "67"]
[EventDate "2008.01.08"]
[EventType "swiss"]
[EventRounds "9"]
[EventCountry "CUB"]
[SourceTitle "EXT 2009"]
[Source "ChessBase"]
[SourceDate "2008.11.26"]
[SourceVersion "1"]
[SourceVersionDate "2008.11.26"]
[SourceQuality "1"]

1. e4 e5 2. Nf3 Nc6 3. Bb5 a6 4. Ba4 Nf6 5. d3 b5 6. Bb3 Be7 7. a4 Rb8 8. O-O
O-O 9. Nbd2 d6 10. c3 Na5 11. Bc2 c5 12. d4 cxd4 13. cxd4 Nc6 14. axb5 axb5 15.
Nb3 Re8 16. d5 Nb4 17. Bd2 Nxc2 18. Qxc2 Bg4 19. Na5 Bxf3 20. gxf3 Qd7 21. Kg2
Bd8 22. Nc6 Rb7 23. Ra8 Bb6 24. Rfa1 h6 25. Qd3 Rxa8 26. Rxa8+ Kh7 27. h3 Ng8
28. Rf8 f6 29. Qa3 Ne7 30. Nxe7 Qxe7 31. Qa8 Kg6 32. Rh8 Kh5 33. Qg8 Qd7 34.
Qh7 1-0

[Event "Capablanca Memorial op 43rd"]
[Site "Havana"]
[Date "2008.05.08"]
[Round "1"]
[White "Corrales Jimenez, Fidel"]
[Black "Hernandez Onna, Roman"]
[Result "1/2-1/2"]
[WhiteElo "2502"]
[BlackElo "2349"]
[PlyCount "82"]
[EventDate "2008.05.08"]
[EventType "swiss"]
[EventRounds "10"]
[EventCountry "CUB"]
[SourceTitle "CBM 124 Extra"]
[Source "ChessBase"]
[SourceDate "2008.07.03"]

1. e4 e5 2. Nf3 Nc6 3. Bb5 a6 4. Ba4 Nf6 5. O-O Be7 6. Re1 b5 7. Bb3 d6 8. c3
O-O 9. h3 Na5 10. Bc2 c5 11. d4 Nc6 12. Nbd2 cxd4 13. cxd4 exd4 14. a3 Be6 15.
b4 Nd7 16. Nb3 Bxb3 17. Bxb3 Nde5 18. Bb2 Nxf3+ 19. Qxf3 Bf6 20. Rac1 Qb6 21.
Bd5 Ne5 22. Qd1 Rac8 23. Bxd4 Qxd4 24. Qxd4 Nf3+ 25. gxf3 Bxd4 26. Bb7 Rxc1 27.
Rxc1 Bb2 28. Rc7 Bxa3 29. Bxa6 Bxb4 30. Bxb5 Bd2 31. Bc4 Bf4 32. Bd5 g6 33. Kf1
Kg7 34. Ke2 Kf6 35. Kd3 Kg7 36. Kc4 Kf6 37. Kb5 Be5 38. Kc6 Bf4 39. Kd7 Be5 40.
Rb7 Bf4 41. Rb1 Be5 1/2-1/2